00321nam a2200121Ia 4500082001200000100002300012245004200035260003000077300002200107650001900129650002900148710002200177 aTP.0265 aPatil, Godayari D. 0aHindu widows : A study in deprivation c1990bKarnatak University a412p. + C D - 46 aWIDOWS - INDIA aDEPRIVATION (PSYCHOLOGY) aMudbidri, Anil G.